000 01642nam0a2200325 4500
001 RU\NLR\b_ik\155432
005 20250616230130.0
035 _a(NLR Aleph) 002228420
090 _a3394276
_c3394275
100 _a20070122d2006 |||y0rusy50 ca
101 0 _aeng
_drus
102 _aRU
105 _aa |||||||||
200 1 _aCalibration of track detectors for fission rate determination: an experimental and theoretical study
_fS.R. Hashemi-Nezhad, I.V. Zhuk, A.S. Potapenko, M.I. Krivopustov
210 _aДубна
_cИзд. отд. Объед. ин-та ядер. исслед.
_d2006
215 _a17, [1] с.
_cил.
_d22
225 1 _aСообщения Объединенного института ядерных исследований, Дубна
_vE1-2006-54
300 _aНа 3-й с. обл.: Калибровка твердотельных тресковых детекторов ядер для определения скорости деления: экспериментальное и теоретическое изучение / Хашеми-Нежад С.Р. [и др.]
300 _aРез. на рус. яз.
320 _aБиблиогр. в конце кн. (36 назв.)
606 1 _aТрековые детекторы твердотельные
_xКалибровка
_92498911
_3RU\NLR\AUTH\661482244
686 1 _aВ381.5
701 1 _aHashemi-Nezhad
_bS. R.
_4070
701 1 _aŽuk
_bI. V.
_4070
701 1 _aPotapenko
_bA. S.
_4070
701 1 _aKrivopustov
_bM. I.
_4070
801 0 _aRU
_bNLR
_c20070122
_gRCR
942 _cBOOK
980 _aNB